000 00575nam a2200229Ia 4500
003 OSt
005 20220923230411.0
006 a|||||r|||| 00| 0
007 ta
008 220922b |||||||| |||| 00| 0 hin d
024 _a281,470
037 _cTextual
040 _aARTS
_cARTS
_bhin
041 _2hin
_ahin
082 _aO152,1N08:g, P2
100 _aजयसिन्ह
_9156280
245 0 _aदिनकर
246 _aDinakara
260 _c2002
942 _hO152,1N08:g, P2
_cTEXL
_2CC
999 _c384591
_d384591